[Event "RUS-ch"]
[Site "Elista"]
[Date "1994.??.??"]
[Round "9"]
[White "Beshukov, Sergei"]
[Black "Khasin, Alexander"]
[Result "1/2-1/2"]
[WhiteElo "2495"]
[BlackElo "2470"]

1.d4 Nf6 2.Bg5 g6 3.Bxf6 exf6 4.g3 f5 5.Bg2 Bg7 6.e3 O-O 7.Ne2 d6 8.O-O Nd7
9.c4 Rb8 10.Nbc3 a6 11.Qc2 Nf6 12.Rfd1 Bd7 13.b4 Re8 14.c5 h5 15.cxd6 cxd6
16.Nf4 h4 17.Ncd5 Ne4 18.Qc7 hxg3 19.hxg3 Bc6 20.Qxd8 Rbxd8 21.Nc7 Re7 22.Ncd5 Ree8
23.Nc7 Re7 24.Ncd5 Ree8 25.Nc7  1/2-1/2

[Event "EUCup Gr1"]
[Site "Eupen"]
[Date "1994.??.??"]
[Round "2"]
[White "Bibby, Simon"]
[Black "Hjartarson, Johann"]
[Result "0-1"]
[WhiteElo "2275"]
[BlackElo "2585"]

1.d4 Nf6 2.Bg5 c5 3.d5 Ne4 4.Bf4 Qa5+ 5.c3 d6 6.f3 Nf6 7.e4 Nbd7 8.a4 a6
9.Nd2 g6 10.Nc4 Qc7 11.a5 Bg7 12.Bd3 O-O 13.Ne2 b5 14.axb6 Nxb6 15.Qd2 Bd7
16.O-O Rfb8 17.Ra2 Nxc4 18.Bxc4 Bb5 19.Bxb5 axb5 20.Rfa1 Qb7 21.b3 Nd7 22.Bg5 Rxa2
23.Rxa2 Ne5 24.f4 Ng4 25.h3 Nf6 26.Qd3 h6 27.Bh4 c4 28.Qb1 cxb3 29.Rb2 Qa7+
30.Bf2 Qa4 31.Bd4 Qc4 32.Ng3 Nd7 33.Bxg7 Kxg7 34.Rxb3 Nc5 35.Ra3 h5 36.Qb4 h4
37.Qxc4 bxc4 38.Ne2 Nxe4 39.Ra4 Rb2 40.Kf1 Rb1+  0-1

[Event "FIN-chT"]
[Site "?"]
[Date "1994.??.??"]
[Round "?"]
[White "Tikkanen, Kari"]
[Black "Kokkila, Tero"]
[Result "1/2-1/2"]
[WhiteElo "2230"]
[BlackElo "2235"]

1.d4 Nf6 2.Bg5 d5 3.Bxf6 exf6 4.e3 Bd6 5.c4 c6 6.Nc3 Be6 7.Qb3 Qd7 8.cxd5 cxd5
9.Bb5 Nc6 10.Nge2 a6 11.Bxc6 bxc6 12.Na4 Rb8 13.Qd1 Qc7 14.h3 f5 15.Qd2 O-O
16.O-O g5 17.f4 h6 18.Rac1 Kh8 19.Nc5 Qe7 20.b3 Rbc8 21.g3 Rg8 22.Kf2 h5
23.fxg5 Qxg5 24.Rg1 h4 25.Nf4 hxg3+ 26.Kg2 Rce8 27.Ncxe6 fxe6 28.Rxc6 Bxf4
29.exf4 Qh6 30.Qe3 Re7 31.Qe5+ Qg7 32.Qxg7+ Kxg7 33.Rgc1 Kf6 34.Rxa6 Rb8
35.Rac6 Rb4 36.Rd1 Ra7 37.Rd2 Rb8 38.Re2 Re7 39.Kxg3 Rb4 40.Rd2 Rg7+ 41.Kh2 Ra7
42.Rc3 Ke7 43.Kg2 Kd6 44.Kf1 Ra8 45.Ke1 Rg8 46.a3 Rb7 47.Rf2 Rg1+ 48.Kd2 Ra1
49.b4 Rg7 50.Rb3 Ra2+ 51.Ke3 Rg3+ 52.Rf3 Rgg2 53.b5 Rac2 54.b6  1/2-1/2

[Event "FIN-chT"]
[Site "?"]
[Date "1994.??.??"]
[Round "?"]
[White "Manninen, Marko"]
[Black "Havansi, Erkki ET"]
[Result "0-1"]
[WhiteElo "2375"]
[BlackElo "2280"]

1.d4 Nf6 2.Bg5 c5 3.Bxf6 gxf6 4.d5 Qb6 5.Qc1 f5 6.e3 Bg7 7.c3 e6 8.Bc4 Na6
9.Ne2 Nc7 10.Nf4 Qd6 11.Na3 a6 12.dxe6 dxe6 13.Be2 b5 14.Bf3 Rb8 15.Qc2 Bb7
16.Rd1 Qe7 17.Bxb7 Rxb7 18.O-O O-O 19.c4 b4 20.Nb1 Ne8 21.Nd2 Kh8 22.Nd3 Nf6
23.Qa4 Qc7 24.Qc2 Rg8 25.Nb3 Nd7 26.Nf4 Ne5 27.Qe2 a5 28.Nh5 a4 29.Nd2 Rbb8
30.f4 Nc6 31.Nf3 Qe7 32.Kh1 Rbd8 33.Rxd8 Rxd8 34.Qc2 Ra8 35.Rd1 a3 36.b3 Rd8
37.Rxd8+ Qxd8 38.h3 h6 39.g4 fxg4 40.hxg4 Bc3 41.Kg2 Qg8 42.Kh3 Qg6 43.e4 f5
44.exf5 exf5 45.Kg2 Qxg4+ 46.Ng3 Qxf3+  0-1

[Event "FIN-chT"]
[Site "?"]
[Date "1994.??.??"]
[Round "?"]
[White "Tikkanen, Kari"]
[Black "Kanko, Ilkka"]
[Result "0-1"]
[WhiteElo "2230"]
[BlackElo "2320"]

1.d4 Nf6 2.Bg5 c5 3.Bxf6 gxf6 4.d5 d6 5.c3 Bg7 6.e3 O-O 7.Bd3 e6 8.Qh5 f5
9.Ne2 Nd7 10.Nf4 Nf6 11.Qh3 e5 12.Nh5 Nxh5 13.Qxh5 Qf6 14.f4 Re8 15.O-O Bd7
16.a4 exf4 17.exf4 Re3 18.Rf3 Re1+ 19.Rf1 Qe7 20.Qf3 Re8 21.Na3 Re3 22.Qd1 Bxa4
23.Qd2 Bb3 24.Nc2 Rxd3 25.Qxd3 Qe2 26.Qxe2 Rxe2 27.Rfe1 Rxc2 28.Re8+ Bf8
29.Rxa7 Bxd5 30.Raa8 Rxg2+ 31.Kf1 Rxb2 32.Rxf8+ Kg7 33.Rad8 Bc4+ 34.Kg1 Rd2
35.Rg8+ Kf6 36.Rh8 b5 37.Rb8 Rd3 38.Rxh7 Rxc3 39.Rh6+ Kg7 40.Rxd6 b4 41.Rc6 Bd5
42.Rd6 Be6 43.Kf2 b3 44.h4 c4 45.Ke2 Rc2+ 46.Kd1 Rh2 47.Rb7 c3  0-1

[Event "Finkenstein op"]
[Site "Finkenstein"]
[Date "1994.??.??"]
[Round "?"]
[White "Schell, John"]
[Black "Gostisa, Leon"]
[Result "1/2-1/2"]
[WhiteElo "2000"]
[BlackElo "2420"]

1.d4 Nf6 2.Bg5 d5 3.Nf3 Bf5 4.Nbd2 Nbd7 5.e3 e6 6.Bd3 Be7 7.Ne5 O-O 8.O-O Nxe5
9.Bxf5 exf5 10.dxe5 Nd7 11.Bf4 c6 12.c4 Nb6 13.Qc2 g6 14.Rfd1 Re8 15.h3 Bf8
16.a4 Rc8 17.Rac1 Bb4 18.b3 Qe7 19.cxd5 Nxd5 20.Nc4 Rcd8 21.Nd6 Bxd6 22.exd6 Qf6
23.Qc5 a6 24.Rxd5 cxd5 25.Qxd5 Re6 26.h4 Rexd6 27.Bxd6 Rxd6 28.Qxb7 Kg7 29.Qb4 h6
30.Qc3 Rd1+  1/2-1/2

[Event "Formia op"]
[Site "Formia"]
[Date "1994.??.??"]
[Round "2"]
[White "Zlochevskij, Alexander"]
[Black "Leoncini, Mario"]
[Result "1-0"]
[WhiteElo "2485"]
[BlackElo "2195"]

1.d4 d5 2.Bg5 Nf6 3.Bxf6 gxf6 4.e3 Bf5 5.c4 c6 6.Nc3 e6 7.Nge2 Bd6 8.Ng3 Bg6
9.Qb3 Qb6 10.c5 Qxb3 11.axb3 Bc7 12.b4 e5 13.b5 a6 14.b6 Bd8 15.b4 Kd7 16.Be2 Ke6
17.O-O h5 18.f4 h4 19.f5+ Ke7 20.fxg6 hxg3 21.gxf7 gxh2+ 22.Kh1 e4 23.Bg4 Nd7
24.b5 a5 25.bxc6 bxc6 26.Ra2 Nb8 27.Ra4 Kxf7 28.Bc8  1-0

[Event "FRA-chT "]
[Site "FRA"]
[Date "1994.??.??"]
[Round "1"]
[White "Legky, Nikolay A"]
[Black "Murrey, Jacob"]
[Result "1/2-1/2"]
[WhiteElo "2490"]
[BlackElo "2525"]

1.d4 Nf6 2.Bg5 c5 3.Bxf6 gxf6 4.e3 Qb6 5.d5 Qxb2 6.Nd2 f5 7.Rb1 Qf6 8.Ne2 d6
9.Ng3 Nd7 10.Bb5 Rb8 11.O-O a6 12.Bd3 e6 13.e4 f4 14.Nh5 Qg5 15.dxe6 Ne5
16.Nc4 Rg8 17.exf7+ Nxf7 18.Qf3 Ne5 19.Nxe5 dxe5 20.Bxa6 Rg6 21.Be2 Be7 22.g3 Be6
23.Kh1 Bxa2 24.Rbd1 Bf7 25.Qc3 b5 26.h4 b4 27.Qa1 Qh6 28.Qxe5 Rbb6 29.Nxf4 Rgd6
30.Nd5 Bxd5 31.exd5 Kd8 32.h5 Bf6 33.Qf5 Rb8 34.Rfe1 Bc3 35.Rf1 Kc7 36.Qf7+ Rd7
37.d6+ Qxd6 38.Qf5 Bd4 39.Bf3 Rf8 40.Qe4 Kb6 41.c3 Re7 42.Qd3 Qf6 43.Be2 Bxc3
44.Qa6+ Kc7 45.Qa7+ Kc6  1/2-1/2

[Event "FRA-chT "]
[Site "FRA"]
[Date "1994.??.??"]
[Round "5"]
[White "Ruiz, Richard"]
[Black "Wagner, Harald"]
[Result "1/2-1/2"]
[WhiteElo "2220"]
[BlackElo "2275"]

1.d4 Nf6 2.Bg5 c5 3.Bxf6 gxf6 4.e3 cxd4 5.exd4 Qb6 6.Nc3 e6 7.Rb1 Nc6 8.Nf3 d5
9.Be2 Bg7 10.O-O O-O 11.Qd2 Bd7 12.Rfd1 Rac8 13.Qf4 Ne7 14.Bd3 Ng6 15.Qe3 Qd6
16.g3 f5 17.Qg5 Qe7 18.Qd2 Kh8 19.Re1 Qf6 20.Rbd1 Rg8 21.Ne2 a6 22.c3 Ba4
23.Rc1 Bb5 24.Bxb5 axb5 25.Qg5 Qxg5 26.Nxg5 Rc7 27.f4 Nf8 28.Nf3 Nd7 29.Nd2 Nf6
30.Kg2 Rgc8 31.a3 Bf8 32.Ng1 b4 33.axb4 Bxb4 34.Ra1 Bd6 35.Ngf3 Ne4 36.Ra5 Kg7
37.Rea1 b6 38.Rb5 Rb7 39.Ra6 Bc7 40.Nxe4 fxe4 41.Nd2 Rbb8 42.Nf1 Ra8 43.Rxa8 Rxa8
44.Ne3 Ra4 45.Nc2 Ra2 46.h3 h5 47.h4 Kf6 48.Kf2 Ke7 49.Ke3 f5 50.Rb3 Kd7
51.Kf2 Kc8 52.Ne3 Kb7 53.Nc2 Bd6 54.Ne3 Ra4 55.Nc2 Ka6 56.Ke2 Ka5 57.Kd2 b5
58.Na3 Bxa3 59.bxa3 Rc4 60.Rb1 Rc7 61.Re1 Ka4 62.Kc2 Rg7 63.Rg1 Rg8 64.Kb2 Rg6
65.Kc2  1/2-1/2

[Event "Frydek-Mistek op"]
[Site "Frydek-Mistek"]
[Date "1994.??.??"]
[Round "?"]
[White "Koutsin, Sergey"]
[Black "Horak, Michal"]
[Result "1-0"]
[WhiteElo "2445"]
[BlackElo "2325"]

1.d4 Nf6 2.Bg5 g6 3.Bxf6 exf6 4.g3 Bg7 5.Bg2 O-O 6.e3 d5 7.Nd2 c6 8.Ne2 Bf5
9.O-O Qd7 10.c4 dxc4 11.Nxc4 Be6 12.Rc1 f5 13.Nf4 Na6 14.Na5 Rac8 15.Qa4 Nb8
16.h4 Rc7 17.Rc2 Rd8 18.Rfc1 Bf8 19.b4 Qd6 20.Nd3 f4 21.Nxf4 Qxb4 22.Qxb4 Bxb4
23.Nc4 Nd7 24.Rb1 Bxc4 25.Rxb4 b5 26.Bf1 Nb6 27.Bxc4 Nxc4 28.Nd3 a5 29.Rb3 a4
30.Rbc3 f5 31.Nb2 Na5 32.Rc5 Rdc8 33.Nxa4 Nb7 34.Nb6 Nxc5 35.Nxc8 Rxc8 36.Rxc5 Ra8
37.Rxc6 Rxa2 38.Rb6 Rb2 39.Rb7 h6 40.Kg2 b4 41.h5 g5 42.Rb5 b3 43.Rxf5  1-0

[Event "Garmisch"]
[Site "Garmisch"]
[Date "1994.??.??"]
[Round "8"]
[White "Hertneck, Gerald"]
[Black "Huebner, Robert"]
[Result "0-1"]
[WhiteElo "2605"]
[BlackElo "2605"]

1.d4 Nf6 2.Bg5 d5 3.e3 Nbd7 4.c4 e6 5.Nc3 Be7 6.Nf3 O-O 7.Rc1 c6 8.Bd3 dxc4
9.Bxc4 Nd5 10.Bxe7 Qxe7 11.Ne4 N5f6 12.Nxf6+ Qxf6 13.O-O e5 14.Bb3 exd4 15.Qxd4 Qxd4
16.Nxd4 Nf6 17.f3 Bd7 18.e4 Rfe8 19.Rfd1 Rad8 20.Kf2 Kf8 21.Rd3 Bc8 22.Rcd1 Rd7
23.Nf5 Rxd3 24.Rxd3 Bxf5 25.exf5 Re5 26.Rd8+ Ke7 27.Ra8 a6 28.Bc4 Rxf5 29.Ra7 Ne4+
30.Ke3 Nd6 31.Bd3 Re5+ 32.Kd2 h5 33.b4 Kf6 34.a4 Re8 35.b5 axb5 36.axb5 cxb5
37.Ra1 Re5 38.g3 Rd5 39.Rb1 g5 40.Rb4 Rc5 41.h4 Ke6 42.hxg5 Rxg5 43.g4 Kd5
44.gxh5 Rxh5 45.Kc3 Kc5 46.Rf4 Re5 47.Kb3 Re3 48.Kc2 b4 49.Kd2 Re5 50.Kc2 b5
51.Kc1 Rd5 52.Bc2 f5 53.Rh4 Rd4  0-1

[Event "Gausdal Int"]
[Site "Gausdal"]
[Date "1994.??.??"]
[Round "5"]
[White "Tregubov, Pavel V"]
[Black "Gunnarsson, Jon Viktor"]
[Result "1-0"]
[WhiteElo "2545"]
[BlackElo "2295"]

1.d4 Nf6 2.Bg5 d5 3.Bxf6 exf6 4.e3 Be6 5.Bd3 f5 6.Qf3 g6 7.Nd2 Bd6 8.h3 h5
9.Ne2 c6 10.Nf4 Nd7 11.O-O-O Qc7 12.Kb1 Nf6 13.g3 O-O-O 14.c4 Bxf4 15.gxf4 Ne4
16.Qe2 Nxd2+ 17.Rxd2 dxc4 18.Bxc4 Bxc4 19.Qxc4 Kb8 20.Rc1 Qe7 21.b4 Qe4+
22.Ka1 Rd5 23.Rb2 Qe6 24.a4 Rc8 25.Rbc2 Rdd8 26.Qxe6 fxe6 27.f3 Rc7 28.Kb2 h4
29.b5 Rdc8 30.bxc6 Rxc6 31.Rxc6 bxc6 32.Kb3 Kc7 33.Rg1 Rg8 34.Kc4 a5 35.Kc5 Rg7
36.Rg5 Rg8 37.Rg2 Rg7 38.Rg1 Rg8 39.Rb1 Rg7 40.Rb6 g5 41.Rxc6+ Kb7 42.fxg5 Rxg5
43.Rxe6 Rg3 44.e4 Rxf3 45.Re7+ Kc8 46.e5 Rxh3 47.Rh7 f4 48.e6 Re3 49.Kd6 h3
50.e7 Re4 51.Rxh3  1-0

[Event "Gausdal Int"]
[Site "Gausdal"]
[Date "1994.??.??"]
[Round "7"]
[White "Beshukov, Sergei"]
[Black "Kotronias, Vasilios"]
[Result "0-1"]
[WhiteElo "2495"]
[BlackElo "2545"]

1.d4 Nf6 2.Bg5 c5 3.Bxf6 gxf6 4.d5 Bg7 5.c3 f5 6.Nd2 d6 7.e3 Nd7 8.Nh3 O-O
9.Nf4 Nf6 10.Bc4 b5 11.Bb3 a5 12.a3 a4 13.Bc2 e5 14.Nh5 Nxh5 15.Qxh5 Qf6
16.g4 Qg6 17.Rg1 Qxh5 18.gxh5 Kh8 19.Ke2 Bd7 20.f3 Bh6 21.Raf1 Rab8 22.Bd3 Rfe8
23.Rc1 Rbc8 24.Bc2 Rc7 25.Bb1 Bc8 26.Rcf1 Rce7 27.Bd3 Bd7 28.Bb1 Rc8 29.Rc1 Rb8
30.Rcf1 b4 31.cxb4 cxb4 32.Rc1 e4 33.fxe4 fxe4 34.Nc4 bxa3 35.bxa3 Rb3 36.Ba2 Rd3
37.Rcd1 Bb5 38.Rg3 Rxa3  0-1

[Event "Geneve op"]
[Site "Geneve"]
[Date "1994.??.??"]
[Round "9"]
[White "Legky, Nikolay A"]
[Black "Gerber, Richard"]
[Result "1-0"]
[WhiteElo "2525"]
[BlackElo "2355"]

1.d4 Nf6 2.Bg5 g6 3.Bxf6 exf6 4.e3 Bg7 5.c4 d6 6.Nc3 f5 7.g3 O-O 8.Bg2 c5
9.Nge2 Nc6 10.dxc5 dxc5 11.Bxc6 bxc6 12.Qxd8 Rxd8 13.Rd1 Rxd1+ 14.Kxd1 f4
15.gxf4 Bg4 16.Kc2 Rd8 17.Re1 h6 18.Ne4 g5 19.fxg5 hxg5 20.Nxg5 Bf5+ 21.Kc1 Rb8
22.b3 a5 23.Ng3 Bg6 24.f4 f5 25.Ne6 a4 26.Nxg7 Kxg7 27.Kb2 axb3 28.axb3 Rd8
29.Kc3 Kf6 30.e4 fxe4 31.Nxe4+ Kf5 32.Nxc5 Bf7 33.Nd3 Rh8 34.Re5+ Kf6 35.Rc5  1-0

[Event "Bundesliga 9394"]
[Site "Germany"]
[Date "1994.??.??"]
[Round "?"]
[White "Hermesmann, Hans"]
[Black "Andresen, Steffen"]
[Result "1/2-1/2"]
[WhiteElo "2305"]
[BlackElo "2370"]

1.d4 Nf6 2.Bg5 c5 3.d5 Qb6 4.Nc3 Qxb2 5.Bd2 Qb6 6.e4 e5 7.f4 d6 8.Rb1 Qd8
9.Nf3 exf4 10.Bxf4 Nh5 11.Bd2 g6 12.Bb5+ Nd7 13.e5 dxe5 14.Qe2 Bg7 15.g4 Nf6
16.Qxe5+ Kf8 17.Qd6+ Kg8 18.O-O a6 19.Be2 Nxg4 20.Bg5 Qe8 21.Rb3 h6 22.Bd2 Nge5
23.Qc7 Nxf3+ 24.Bxf3 Bd4+ 25.Kh1 Ne5 26.Bg2 Qd7 27.d6 Nc4 28.Bf4 Qxc7 29.dxc7 Na5
30.Ra3 Nc4 31.Rb3 Na5 32.Ra3 Nc4 33.Rb3  1/2-1/2

[Event "BL2-N9394"]
[Site "Germany"]
[Date "1994.??.??"]
[Round "?"]
[White "Hansen, Mads Smith"]
[Black "Konopka, Michal"]
[Result "1-0"]
[WhiteElo "2310"]
[BlackElo "2440"]

1.d4 Nf6 2.Bg5 c5 3.d5 Ne4 4.Bf4 Qb6 5.Nd2 Nxd2 6.Bxd2 e5 7.e4 d6 8.Rb1 Be7
9.c4 O-O 10.Ne2 f5 11.Nc3 f4 12.Be2 Nd7 13.a3 Nf6 14.O-O g5 15.b4 cxb4 16.axb4 Qd4
17.Qc2 Bg4 18.Bd3 a6 19.c5 dxc5 20.bxc5 Qxc5 21.Rxb7 Bc8 22.Rbb1 Ra7 23.Rfc1 Rb7
24.Rxb7 Bxb7 25.d6 Qxd6 26.Qb3+ Kg7 27.Qxb7 Rb8 28.Qxa6 Rd8 29.Nd5 Nxd5 30.Rc6 Qa3
31.exd5 Qxa6 32.Bxa6 Rxd5 33.Rc2 e4 34.Kf1 Kf6 35.Ke2 Kf5 36.Bc8+ Kg6 37.Bb7 Re5
38.Bc3 Re6 39.Bd5 f3+ 40.gxf3 exf3+ 41.Kxf3 Ra6 42.Be4+ Kh6 43.Bd2 Ra3+ 44.Rc3 Ra2
45.Be3 Kh5  1-0

[Event "Bundesliga 9394"]
[Site "Germany"]
[Date "1994.??.??"]
[Round "?"]
[White "Hodgson, Julian M"]
[Black "Muse, Mladen"]
[Result "1-0"]
[WhiteElo "2625"]
[BlackElo "2485"]

1.d4 Nf6 2.Bg5 d5 3.Bxf6 exf6 4.e3 Be6 5.Nd2 f5 6.Ngf3 Nd7 7.a3 Bd6 8.c4 c6
9.cxd5 Bxd5 10.Bd3 g6 11.O-O O-O 12.Bc4 Nb6 13.Bxd5 Nxd5 14.Nc4 Bc7 15.b4 Qe7
16.Qb3 a6 17.Rfe1 Kg7 18.Rab1 f6 19.Nb2 Rfe8 20.Nd3 Qf7 21.a4 Bd6 22.Nd2 Re7
23.Nc4 Bc7 24.Nc5 b6 25.Nd3 g5 26.Nd2 Bd6 27.Qc2 Rc8 28.a5 b5 29.Nc5 Bxc5
30.Qxc5 Rd7 31.Nb3 h5 32.Qc1 Re7 33.Nc5 Nc7 34.Qd1 Kh6 35.Qf3 Qd5 36.Qxd5 Nxd5
37.Nxa6 Rce8 38.Kf1 Ra8 39.Nc5 Kg6 40.Nd3 Rae8  1-0

[Event "Oberliga Ost B9394"]
[Site "Germany"]
[Date "1994.??.??"]
[Round "?"]
[White "Starke, Dieter"]
[Black "Schoebel, Wolfgang"]
[Result "0-1"]
[WhiteElo "2280"]
[BlackElo "2220"]

1.d4 Nf6 2.Bg5 d5 3.Bxf6 exf6 4.e3 c6 5.c3 Bd6 6.Bd3 f5 7.Ne2 Qg5 8.Qc2 g6
9.g3 Nd7 10.Nd2 Nf6 11.h4 Qh6 12.O-O-O Ng4 13.Rdf1 Be6 14.Kb1 O-O-O 15.Nb3 Qf8
16.Na5 Qe7 17.Qa4 Qc7 18.b4 Kb8 19.Ka1 Bd7 20.Qa3 Rde8 21.Qc1 Qd8 22.Nb3 Qe7
23.a4 Bc8 24.b5 cxb5 25.Bxb5 Bd7 26.Nf4 Bxb5 27.axb5 Qd7 28.Nc5 Bxc5 29.dxc5 Qxb5
30.Qa3 Re4 31.Rb1 Qc6 32.Rb4 Nxf2 33.Rhb1 Rxb4 34.cxb4 Ne4 35.Ne2 Qa6 36.Qxa6 bxa6
37.Kb2 Re8 38.Kc2 Kc7 39.Ra1 Kb7 40.Ra3 Nf2 41.Kd2 Re4 42.Nd4 Ng4 43.c6+ Kb6
44.Rc3 Kc7 45.Ra3 Nxe3 46.Rxa6 Rxd4+ 47.Kxe3 Rxb4 48.Rxa7+ Kxc6 49.Rxf7 Rg4
50.Kf3 h5 51.Rf8 Kc5 52.Rc8+ Kd4 53.Rd8 Kc4 54.Rc8+ Kd3 55.Rd8 d4 56.Rd6 Kc3
57.Rc6+ Kd2 58.Rd6 d3 59.Kf2 f4  0-1

[Event "BL9394 (Women)"]
[Site "Germany"]
[Date "1994.??.??"]
[Round "?"]
[White "Fischdick, Gisela"]
[Black "Bobrowska, Monika"]
[Result "1-0"]
[WhiteElo "2280"]
[BlackElo "2165"]

1.d4 Nf6 2.Bg5 g6 3.Bxf6 exf6 4.e3 Bg7 5.Bd3 d6 6.Nd2 O-O 7.c3 a5 8.Qf3 c6
9.Ne2 Na6 10.h4 h6 11.h5 g5 12.Ng3 Re8 13.Nf5 Bf8 14.Ne4 c5 15.O-O-O cxd4
16.Nxd4 Bg7 17.Nb5 d5 18.Ned6 Re7 19.Nxc8 Rxc8 20.Kb1 Qb6 21.a4 Nc7 22.Qf5 Rd8
23.Qh7+ Kf8 24.Nd4 f5 25.Nxf5 Bxc3 26.Qxh6+ Qxh6 27.Nxh6 Re6 28.Nxf7 Kxf7
29.bxc3 Kg7 30.Kc2 Rf6 31.f3 Re8 32.e4 dxe4 33.Bxe4 Re7 34.Rb1 Ne6 35.Rb5 Nf4
36.Rxa5 Kh6 37.g4 Ng2 38.Rb1 Ne3+ 39.Kd3 Ng2 40.Rxb7 Rd6+ 41.Kc4 Rxb7 42.Bxb7  1-0

[Event "BL2-O9394"]
[Site "Germany"]
[Date "1994.??.??"]
[Round "?"]
[White "Kuraszkiewicz, Michael"]
[Black "Falk, Ulrich"]
[Result "0-1"]
[WhiteElo "2325"]
[BlackElo "2225"]

1.d4 d5 2.Bg5 Nf6 3.e3 c6 4.Bd3 Bg4 5.Ne2 Nbd7 6.f3 Bh5 7.Nf4 Bg6 8.Nxg6 hxg6
9.Nd2 e5 10.Qe2 Qa5 11.c3 O-O-O 12.Nb3 Qc7 13.O-O-O Bd6 14.g3 Rde8 15.Bxf6 Nxf6
16.dxe5 Rxe5 17.Qd2 Rhe8 18.Rhe1 Qe7 19.e4 Bc7 20.Qf2 Bb6 21.Qf1 dxe4 22.fxe4 Nxe4
23.Rxe4 Rxe4 24.Bxe4 Qxe4 25.Qxf7 Be3+ 26.Nd2 Rd8 27.Qf1 a5 28.Qe2 Kc7 29.Qf1 Rd7
30.Qe2 b5 31.b3 b4 32.cxb4 Rd3 33.Re1 Rc3+  0-1

[Event "BL2-S9394"]
[Site "Germany"]
[Date "1994.??.??"]
[Round "?"]
[White "Gerstner, Wolfgang"]
[Black "Darga, Klaus"]
[Result "1-0"]
[WhiteElo "2380"]
[BlackElo "2455"]

1.d4 Nf6 2.Bg5 d5 3.e3 c5 4.c3 e6 5.Nd2 Be7 6.Bd3 Nbd7 7.f4 a6 8.Ngf3 b5
9.Ne5 Bb7 10.O-O g6 11.Qf3 Rc8 12.a3 Ng8 13.Bxe7 Nxe7 14.Qh3 O-O 15.Ndf3 Nxe5
16.fxe5 Nf5 17.Rae1 h5 18.Bxf5 exf5 19.Nh4 Rc6 20.Qg3 Kh7 21.dxc5 Rxc5 22.Nxf5 Bc8
23.Nd4 f5 24.exf6 Rxf6 25.Qe5 Rxf1+ 26.Rxf1 Rc7 27.Rf8 Qxf8 28.Qxc7+ Kh6
29.Qf4+ Qxf4 30.exf4 g5 31.g3 gxf4 32.gxf4 Kg6 33.Kf2 Bd7 34.Kg3 Kf6 35.Kh4 Bg4
36.h3 Bd7 37.f5 Be8 38.Ne6 Bd7 39.Kxh5 Kxf5 40.Nc5 Be8+ 41.Kh6 a5 42.Nb7 Bd7
43.h4 a4 44.Kg7 Ke5 45.h5 Bf5 46.h6 Be4 47.Nc5 Bf5 48.Nd7+  1-0

[Event "BL2-S9394"]
[Site "Germany"]
[Date "1994.??.??"]
[Round "?"]
[White "Gerstner, Wolfgang"]
[Black "Stobik, Dietrich"]
[Result "1/2-1/2"]
[WhiteElo "2380"]
[BlackElo "2310"]

1.d4 Nf6 2.Bg5 d5 3.e3 Ne4 4.Bf4 Nd7 5.Nd2 Ndf6 6.Nxe4 Nxe4 7.Bd3 c5 8.c3 cxd4
9.exd4 Nd6 10.Nf3 Bg4 11.Bxd6 Qxd6 12.Ne5 Qxe5+ 13.dxe5 Bxd1 14.Bb5+ Kd8
15.Rxd1 e6 16.f4 Kc7 17.Ke2 a6 18.Bd3 Rd8 19.c4 Be7 20.cxd5 exd5 21.Rc1+ Kb6
22.Rc3 Rc8 23.Rhc1 Rxc3 24.Rxc3 f6 25.Bc2 fxe5 26.fxe5 Bc5 27.Rb3+ Kc6 28.Rc3 Kb6
29.Rb3+  1/2-1/2

[Event "Landesliga S9495 Bayern"]
[Site "Germany"]
[Date "1994.??.??"]
[Round "3"]
[White "Poellner, Ludwig"]
[Black "Braun, Thomas"]
[Result "1-0"]
[WhiteElo "2065"]
[BlackElo "2120"]

1.d4 Nf6 2.Bg5 d5 3.Nc3 Nbd7 4.f3 c5 5.e4 dxe4 6.d5 e3 7.Bxe3 g6 8.Qd2 Bg7
9.O-O-O a6 10.Bh6 O-O 11.h4 Qc7 12.g4 b5 13.h5 Bb7 14.hxg6 fxg6 15.Bxg7 Kxg7
16.Qh6+ Kg8 17.g5 Qf4+ 18.Kb1 Nh5 19.Bh3 Ne5 20.Be6+ Kh8 21.Nce2 Qe3 22.Ng3 Nf7
23.Bxf7 Rxf7 24.Nxh5 gxh5 25.Qxh5 Rg7 26.g6 Rf8 27.Nh3 Qxf3 28.Ng5 Qxh5 29.Rxh5 Rxg6
30.Nxh7 Rf2 31.Nf8+ Kg7 32.Nxg6 Kxg6 33.Re5 Kf6 34.Re6+ Kf7 35.Re5 Kf6 36.Rde1 b4
37.Re6+ Kf5 38.Rxe7  1-0

[Event "Landesliga N9495 Bayern"]
[Site "Germany"]
[Date "1994.??.??"]
[Round "8"]
[White "Giessmann, Stephan"]
[Black "Hirn, Erwin"]
[Result "1-0"]
[WhiteElo "2125"]
[BlackElo "2005"]

1.d4 Nf6 2.Bg5 d5 3.e3 e6 4.c4 Be7 5.Nc3 h6 6.Bh4 b6 7.cxd5 exd5 8.Rc1 O-O
9.Bd3 Bb7 10.Nf3 Nbd7 11.O-O Ne4 12.Bxe7 Qxe7 13.a3 c5 14.dxc5 bxc5 15.Bb1 Ndf6
16.Qa4 Rfd8 17.Rfd1 Nxf2 18.Kxf2 d4 19.exd4 Ng4+ 20.Kf1 Bxf3 21.gxf3 Ne3+
22.Kf2 Nxd1+ 23.Rxd1 Qh4+ 24.Kg2 cxd4 25.Ne2 Qg5+ 26.Kh1 Qe3 27.Nxd4 Rac8
28.Bc2 Rc7 29.Qb3 Qf2 30.Bf5 g6 31.Bxg6 Rxd4 32.Rg1 Kf8 33.Qb8+ Kg7 34.Bh5+ Kf6
35.Qxc7 Qe3 36.Qxf7+ Ke5 37.Qe7+  1-0

[Event "Giessen Feb-IM"]
[Site "Giessen"]
[Date "1994.??.??"]
[Round "10"]
[White "Adamski, Jan"]
[Black "Lukov, Valentin"]
[Result "1/2-1/2"]
[WhiteElo "2415"]
[BlackElo "2380"]

1.d4 Nf6 2.Bg5 d5 3.Nd2 Bf5 4.e3 Nbd7 5.Ngf3 e6 6.Bd3 Bg6 7.O-O Be7 8.Qe2 O-O
9.Bxg6 hxg6 10.c3 c6 11.Bxf6 gxf6  1/2-1/2

[Event "Graz op"]
[Site "Graz"]
[Date "1994.??.??"]
[Round "1"]
[White "Riedner, Martin"]
[Black "Wittmann, Walter"]
[Result "0-1"]
[WhiteElo "2115"]
[BlackElo "2390"]

1.d4 Nf6 2.Bg5 c5 3.d5 e5 4.Nc3 d6 5.e4 Be7 6.Nf3 O-O 7.h3 Na6 8.Be3 Nc7
9.a4 Rb8 10.Be2 b6 11.Nd2 a6 12.O-O b5 13.axb5 axb5 14.f4 exf4 15.Bxf4 Nfe8
16.Nf3 b4 17.Na4 Bb7 18.Bc4 Ra8 19.Nb6 Rxa1 20.Qxa1 Na6 21.Qa5 Nec7 22.Rd1 f6
23.c3 Kh8 24.cxb4 Nxb4 25.Qa7 Ba6 26.Bxa6 Ncxa6 27.Nc4 Re8 28.Ra1 Nb8 29.Qb7 Bf8
30.Ra8 Kg8 31.Na5 N4a6 32.Nc6 Qc8 33.Qb6 h6 34.Nxb8 Nxb8 35.Bxd6 Bxd6 36.Qxd6 Qb7
37.Ra4 Qb3 38.Ra8 Qb7 39.Ra2 Qb3 40.Ra7 Kh8 41.Nh4 Qe3+ 42.Kh2 Qxe4 43.Qg3 g5
44.Qc7 Qe5+ 45.Qxe5 fxe5 46.Ng6+ Kg8 47.Kg3 Rd8 48.Kg4 e4 49.Ne7+ Kf8 50.Kf5 Rd7
51.Ng6+ Kg7 52.Ra8 e3 53.Ne5 Rxd5 54.Ke4 e2 55.Nf3 Rd8 56.Ke3 Re8+ 57.Kd2 h5
58.Ra1 g4 59.hxg4 hxg4 60.Ng1 e1=Q+ 61.Rxe1 Rxe1 62.Kxe1 Kf6 63.Kd2 Ke5 64.Ke3 Nc6
65.Ne2 c4 66.g3 Ne7 67.b4 cxb3 68.Nc1 Nf5+ 69.Kd2 Nd4 70.Kc3 Ke4 71.Nd3 Ne2+
72.Kc4 Nxg3 73.Nc5+ Ke3 74.Nxb3 Nf5  0-1

[Event "Graz op"]
[Site "Graz"]
[Date "1994.??.??"]
[Round "4"]
[White "Bawart, Markus"]
[Black "Grilc, Simon"]
[Result "1-0"]
[WhiteElo "2015"]
[BlackElo "2310"]

1.d4 Nf6 2.Bg5 g6 3.Bxf6 exf6 4.Nc3 Bg7 5.e4 d6 6.Qf3 O-O 7.O-O-O c6 8.h4 b5
9.Bxb5 h5 10.Be2 Na6 11.Qg3 Rb8 12.Bc4 Kh7 13.Nge2 Qb6 14.Bb3 c5 15.dxc5 dxc5
16.Nd5 Qb7 17.c4 Nb4 18.Nxb4 Qxb4 19.Nc3 Be6 20.Nd5 Qb7 21.Qc3 Qa6 22.f4 Bg4
23.Rd2 Qc6 24.Bd1 Bxd1 25.Rhxd1 Rfe8 26.Re2 Re6 27.Rde1 Qa4 28.Kb1 Ra6 29.b3 Qd7
30.Qf3 Re8 31.f5 Re5 32.g4 hxg4 33.Qxg4 gxf5 34.Qh5+ Kg8 35.Rg1 Rxd5 36.exd5 Kf8
37.Qh7 Re6 38.Qxg7+ Ke8  1-0

[Event "Graz op"]
[Site "Graz"]
[Date "1994.??.??"]
[Round "9"]
[White "Schieder, Andreas"]
[Black "Simic, Dusan"]
[Result "0-1"]
[WhiteElo "2120"]
[BlackElo "2245"]

1.d4 Nf6 2.Bg5 g6 3.Bxf6 exf6 4.e3 Bg7 5.g4 d5 6.Bd3 Be6 7.Qf3 Qd7 8.h3 Nc6
9.c3 Ne7 10.Ne2 f5 11.g5 h6 12.h4 hxg5 13.hxg5 O-O-O 14.Nd2 Rxh1+ 15.Qxh1 Rh8
16.Qg2 Qd6 17.Nf4 Kb8 18.b4 Qc6 19.Rc1 Bd7 20.Nb3 b6 21.a4 Qxa4 22.Bc2 Qc6
23.Kd2 Qd6 24.Ra1 Bc6 25.Qf1 Bb7 26.Bd3 Rh4 27.Ba6 Ba8 28.Nd3 f4 29.exf4 Bc6
30.Qe2 Bd7 31.Nbc5 c6 32.Nxd7+ Qxd7 33.Nc5 Qc7  0-1

[Event "Groningen op"]
[Site "Groningen"]
[Date "1994.??.??"]
[Round "4"]
[White "Beshukov, Sergei"]
[Black "Vescovi, Giovanni"]
[Result "0-1"]
[WhiteElo "2495"]
[BlackElo "2455"]

1.d4 Nf6 2.Bg5 d5 3.Bxf6 exf6 4.e3 Bd6 5.Bd3 Be6 6.Nf3 Nc6 7.c3 f5 8.Nbd2 O-O
9.Qc2 Qf6 10.h3 Rfe8 11.O-O-O h5 12.g3 Ne7 13.Nh4 f4 14.exf4 Bxf4 15.gxf4 Qxh4
16.f5 Bd7 17.Nf1 b6 18.Ne3 c5 19.dxc5 bxc5 20.Rhg1 Rad8 21.Rg3 d4 22.Rdg1 dxe3
23.Rxg7+ Kf8 24.fxe3 Qf6 25.e4 Ng6 26.R7xg6 fxg6 27.Rxg6 Qh4 28.Qd2 Ke7 29.Rg7+ Kf6
30.Qg2 Ba4 31.b3 Rxd3 32.Kc2 Rxh3 33.Qg6+ Ke5 34.bxa4 Qf2+ 35.Kb3 Rb8+ 36.Kc4 Qe2+  0-1

[Event "Groningen op"]
[Site "Groningen"]
[Date "1994.??.??"]
[Round "5"]
[White "Mueller, Mat"]
[Black "Van Riemsdijk, Herman C"]
[Result "1/2-1/2"]
[WhiteElo "2375"]
[BlackElo "2420"]

1.d4 Nf6 2.Bg5 c5 3.Nc3 cxd4 4.Qxd4 Nc6 5.Qh4 e6 6.O-O-O Be7 7.e4 d6 8.f4 Qa5
9.Qe1 h6 10.Bh4 Bd7 11.Nf3 a6 12.e5 dxe5 13.fxe5 Nh7 14.Bxe7 Nxe7 15.Bd3 Bc6
16.Bxh7 Rxh7 17.Rf1 Ng6 18.Qf2 Qc7 19.Nd4 Rd8 20.Nxc6 Rxd1+ 21.Rxd1 bxc6
22.Ne4 Nxe5 23.Qg3 Kf8 24.Nc5 Ke8 25.Nxa6 Qa5 26.Qb3 Ke7 27.Nb4 Rh8 28.Qc3 Ra8
29.Re1 Kf6 30.a3 g5 31.Qd4 Rb8 32.Qxe5+ Qxe5 33.Rxe5 Rxb4 34.Rxe6+ Kxe6 35.axb4 Kd5
36.b3 f5 37.c4+ Kd4 38.Kd2 f4 39.Ke2 g4 40.Kf2 h5 41.Ke2 Ke4  1/2-1/2